00288nam a22001217a 4500020001500000040000900015082001800024100001600042245003500058250001300093260002500106650003500131 a9067644218 cNUST a621.38152 ADH aMittal, K.L aAdhesion Aspects of Thin Films bVolume 2 aBoston:bVSP,c2005. aAdhesion Aspects of Thin Films